Multidimensional scaling / (Record no. 22589)

MARC details
000 -LEADER
fixed length control field 00904cam a2200265 a 4500
001 - CONTROL NUMBER
control field 4224225
003 - CONTROL NUMBER IDENTIFIER
control field OSt
005 - DATE AND TIME OF LATEST TRANSACTION
control field 20211215094011.0
008 - FIXED-LENGTH DATA ELEMENTS--GENERAL INFORMATION
fixed length control field 820921s1983 nyua b 001 0 eng
010 ## - LIBRARY OF CONGRESS CONTROL NUMBER
LC control number 82017403
020 ## - INTERNATIONAL STANDARD BOOK NUMBER
International Standard Book Number 047186417X :
Terms of availability $26.95 (est.)
040 ## - CATALOGING SOURCE
Original cataloging agency DLC
Transcribing agency HU
Modifying agency DLC
050 00 - LIBRARY OF CONGRESS CALL NUMBER
Classification number BF39
Item number .D323 1983
082 00 - DEWEY DECIMAL CLASSIFICATION NUMBER
Classification number 519.5/35
Edition number 20
100 1# - MAIN ENTRY--PERSONAL NAME
Personal name Davison, Mark L.
Fuller form of name (Mark Leonard),
Dates associated with a name 1947-
9 (RLIN) 23009
245 10 - TITLE STATEMENT
Title Multidimensional scaling /
Statement of responsibility, etc. Mark L. Davison.
260 ## - PUBLICATION, DISTRIBUTION, ETC.
Place of publication, distribution, etc. New York :
Name of publisher, distributor, etc. Wiley,
Date of publication, distribution, etc. c1983.
300 ## - PHYSICAL DESCRIPTION
Extent xiv, 242 p. :
Other physical details ill. ;
Dimensions 24 cm.
440 #0 - SERIES STATEMENT/ADDED ENTRY--TITLE
Title Wiley series in probability and mathematical statistics.
Name of part/section of a work Applied probability and statistics,
International Standard Serial Number 0271-6356
9 (RLIN) 11957
504 ## - BIBLIOGRAPHY, ETC. NOTE
Bibliography, etc. note Includes bibliography and indexes.
650 #0 - SUBJECT ADDED ENTRY--TOPICAL TERM
Topical term or geographic name entry element Multidimensional scaling.
9 (RLIN) 23010
650 #0 - SUBJECT ADDED ENTRY--TOPICAL TERM
Topical term or geographic name entry element Psychometrics.
9 (RLIN) 15184
906 ## - LOCAL DATA ELEMENT F, LDF (RLIN)
a 7
b cbc
c orignew
d 1
e ocip
f 19
g y-gencatlg
942 ## - ADDED ENTRY ELEMENTS (KOHA)
Source of classification or shelving scheme Dewey Decimal Classification
Koha item type Books like text book referance book
Suppress in OPAC No
Holdings
Withdrawn status Lost status Source of classification or shelving scheme Damaged status Not for loan Collection code Home library Current library Shelving location Date acquired Total Checkouts Full call number Barcode Date last seen Copy number Price effective from Koha item type
    Dewey Decimal Classification     Non-fiction Wondo Genet Library Wondo Genet Library General Stacks 12/15/2021   519.5/35 DAV 1983 WGCFNRL00007939 12/15/2021 1 12/15/2021 Books like text book referance book
    Dewey Decimal Classification     Non-fiction Wondo Genet Library Wondo Genet Library General Stacks 04/06/2022   519.5/35 JAK 1983 WGCFNRL00018751 04/06/2022 2 04/06/2022 Books like text book referance book